• 首页
  • 本馆介绍
  • 公告通知
  • 最新文献
  • 馆藏检索
  • 电子资源
  • 读者导购
  • 参考咨询
  • 我的图书馆
  • 登录
  • 详细信息显示
  • 放入我的书架
  • 预约/预借图书
  • 作者相关作品
  • 分类相关作品
  • 丛书相关作品
  • 出版社相关作品

书目信息

  • 表格格式
  • 工作单格式
  • 卡片格式
题名:
黄河史话
    
 
作者: 辛德勇 著
分册:  
出版信息: 北京   中国大百科全书出版社  1998
页数: 175页
开本: 19cm
丛书名: 中华文明史话
单 册:
中图分类: TV882.1
科图分类:
主题词: 水利史--黄河
电子资源:
ISBN: 7-5000-5909-4
000 00676nam2 2200241 450
001 1553842245
005 20150118145748.20
010    @a7-5000-5909-4@dCNY10.00
100    @a20021005d1998 em y0chiy0110 ea
101 0  @achi
102    @aCN@b110000
105    @ab z 000yd
200 1  @a黄河史话@9huang he shi hua@f辛德勇著
210    @a北京@c中国大百科全书出版社@d1998
215    @a175页@c地图@d19cm
225 2  @a中华文明史话
300    @a本丛书列入“九五”国家重点图书规划
461  0 @12001 @a中华文明史话
606 0  @a水利史@x黄河
690    @aTV882.1@v5
701  0 @a辛德勇@9xin de yong@f(1959~)@4著
801  0 @aCN@bTSSF@c20150115
905    @aZUCC@dTV882.1@eJY1
    
    黄河史话/辛德勇著.-北京:中国大百科全书出版社,1998
    175页:地图;19cm.-(中华文明史话)
    本丛书列入“九五”国家重点图书规划
    
    ISBN 7-5000-5909-4:CNY10.00
    
●
相关链接 在E读中查询图书 在五车中查询图书 在当当中查询图书 在豆瓣中查询图书


正题名:黄河史话     索取号:TV882.1/JY1         预约/预借

序号 登录号 条形码 馆藏地/架位号 状态 备注
1 7835768   278357680   学院路分馆/ [索取号:TV882.1/JY1] 在馆    
2 7835770   278357706   学院路分馆/ [索取号:TV882.1/JY1] 在馆    
3 7835771   278357715   学院路分馆/ [索取号:TV882.1/JY1] 在馆    
4 7845478   278454780   学院路分馆/ [索取号:TV882.1/JY1] 在馆    
唐山师范学院图书馆 欢迎您!
大连网信软件有限公司© 版权所有